000 01431cam a22004334i 4500
003 PE-LiUPU
005 20250731172930.0
008 s1966 xxu gr 000 0 eng d
035 _a(Sirsi) a204384
040 _aPE-LiUPU
_bspa
_cPE-LiUPU
_erda
049 _aPRUA
082 0 4 _a268.804
_bS75
_221
100 1 _aSpitz, Lewis W.,
_eautor.
245 1 4 _aThe protestant refomation /
_cLewis W. Spitz.
264 1 _aNew Jersey :
_bPrentice-hall,
_c1966.
300 _a178 páginas ;
_c20 centímetros.
336 _atext
_2rdacontent
337 _aunmediated
_2rdamedia
338 _avolume
_2rdacarrier
505 2 _aThe humanist critics -- Luther's evangelical breakthrough -- Zwingli and the radicals -- Calvin Ecclesiastical reform -- The englissh reformation.
526 _aSEG42
526 _aSEG41
526 _aSEG40
526 _aSEG39
526 _aP94
526 _aP87
526 _aP86
526 _aP85
526 _aP77
526 _aP76
526 _aP35
650 0 4 _aReforma protestante
650 0 4 _areforma inglesa
942 _2ddc
_cBOOK
994 _aC0
_bPEPRU
596 _a1
999 _a268.804 S75
_wLC
_c20747
_i76088
_d20747
_e2018-4-22
_f2021-11-10
_g4
_lCCODEBUL1
_mBUL
_n1
_p10.00
_q1
_r0
_sY
_tBOOK
_u2017-6-15
_xTEOLOGIA
_PP85
_0DONACION
_o.STAFF. Colección Teología
980 _81
_gALBERTO SANCHEZ Responsable de Automatización